| 000 | 00663nam a2200193 a 4500 | ||
|---|---|---|---|
| 001 | 5419 | ||
| 003 | CDMR | ||
| 005 | 20170518161545.0 | ||
| 008 | 130130s1999||||||||||||||||||||||||||||d | ||
| 020 | _a8493038423 | ||
| 040 |
_aCDMR _bcat _cCDMR |
||
| 245 | 0 | 0 |
_aPeriodistes sota censura _b: de la fi de la Guerra Civil a la Llei de Premsa _centrevistats per Enric Bañeres ... [et al.] ; fotos de Jordi Belver ... [et al.] |
| 260 |
_aBarcelona _bDiputació de Barcelona |
||
| 260 |
_c1999 _bCol·legi de Periodistes de Catalunya |
||
| 490 | 0 |
_aVaixells de Paper _v27 |
|
| 600 | 1 | 4 |
_91203 _aIbañez Escofet, Manuel |
| 700 | 1 |
_92455 _aBañeres, Enrique |
|
| 942 |
_cMON _2udc |
||
| 999 |
_c5419 _d5419 |
||